Carregant...
| LEADER | 00575nam a2200193 a 4500 | ||
|---|---|---|---|
| 005 | 20151215124806.0 | ||
| 008 | 960221s1955 dcuabcdjdbkoqu001 0deng d | ||
| 003 | ViArRB | ||
| 082 | |a 658.81 |b CHI | ||
| 100 | |a Chitwood, Roy E. |9 3339 | ||
| 245 | |a World class selling | ||
| 300 | |a 405p. | ||
| 653 | |a Selling | ||
| 942 | |c BK |6 _ | ||
| 260 | |a Mumbai |b Jaico |c 1997 | ||
| 500 | |a School of Management Studies- Commerce | ||
| 020 | |a 8172246080 | ||
| 999 | |c 91844 |d 91844 | ||
| 952 | |0 0 |1 0 |2 ddc |4 0 |6 65881_CHI |7 0 |9 115201 |a SMS |b SMS |c GEN |d 0000-00-00 |o 658.81 CHI |p SMSC01526 |r 2009-08-21 |w 2009-08-21 |y BK | ||